Vodnostĺpcové stroje v Smolníku a Zlatej Idke

Podrobná bibliografia
Médium: Článok
Jazyk:Slovak
Vydané: Martin : Osveta, 1991
Témy:
ISBN: 80-217-0376-8
Zdroj: 1. Zborník Banského múzea 1. 80-217-0376-8 1. S. 169 - 187
LEADER 01041naa a2200409 a 4500
001 000028366
003 SVKKK
005 00000000000000.0
008 c1991 xo e sloo
FMT
020 |a 80-217-0376-8 
038 |a SVKKK 
040 |a SVKKK  |b slo  |e AACR2 
041 0 |a slo  |b eng 
044 |a xo  |c SK 
080 |a 622(091  |2 1981 
090 |a IV 160746 
100 1 |a Kladivík, Eugen  |4 com 
245 1 0 |a Vodnostĺpcové stroje v Smolníku a Zlatej Idke  |c Kladivík Eugen, 
260 |a Martin :  |b Osveta,  |c 1991 
300 |b Obr. 6, 
500 |a Banská Štiavnica, SBM, 
504 |a Res. angl., nem., lit 
650 0 4 |a baníctvo 
650 0 4 |a stroje vodnostĺpcové 
650 0 4 |a technika banská 
650 0 4 |a vývoj  |x Smolník  |x Zlatá Idka  |x opisy 
773 0 |t Zborník Banského múzea  |z 80-217-0376-8  |g S. 169 - 187 
957 |a Smolník 
957 |a Zlatá Idka 
958 |a NP 
958 |a ZB 
974 |d 940912  |a KKá 
992 |a RZB 
BAS
852 |a SVKKK  |b BIB 
998 |a BAN